01604nam a2200313 a 450000100060000000300080000600500170001400800410003102000150007203500190008704000320010604100080013808200240014624502790017025000120044926000400046130000350050149000610053650400200059765000360061770000460065370000480069971001740074785600610092194200120098299900170099495201350101195201440114654585BD-RjUL20211209080136.0161108s1985 enka 001 0 eng d a0534066666 a(BD-RjUL)54707 aDLCcDLCdDLCdBD-RjULbeng aeng00a519.5bSTA 198522310aStatistics :ba guide to the unknown.cEdited by Judith M. Tanur... [et al.] ; The joint committee on the currieculum in statistics and probability of the American Statistical Association and the national council of teachers of Mathematics ; special editor Erich L. Lehmannm a2nd ed. aSan Francisco :bHolden-Day,cc1985 axxxi, 496 p. :bill, ;c24 cm. aThe Wadsworth & Brooks/Cole statistic/probability series aIncludes index. 0aMathematical statistics.9214861 aTanur, Judith M....[et al.], eed.9214871 aLehmannm, Erich L., special editor 92190242 aThe joint committee on the currieculum in statistics and probability of the American Statistical Association and the national council of teachers of Mathematics. 921488 3The Wadsworth & Brooks/Cole statistic/probability series 2ddccBK c54585d54585 00102ddc40708NFICaRUCLbRUCLcStackd0190-08-30eAsia foundationl0o519.5 STA 1985r2016-11-08 00:00:00tC-2w2016-11-08yBK 00102ddc40718NFICaRUCLbRUCLcReadingd1991-05-26eAsia Foundation, Dhakal0o519.5 STA 1985r2017-08-09 00:00:00tC-1w2021-12-09yBK